[Event "American Continental 09th"]
[Site "Cochabamba"]
[Date "2013.05.13"]
[Round "9"]
[White "Quiroga, Duberlin"]
[Black "Monroy, Osvaldo"]
[Result "0-1"]
[WhiteElo "2078"]
[BlackElo "1954"]
[PlyCount "111"]
[EventDate "2013.05.07"]
[EventType "swiss"]
[EventRounds "11"]
[EventCountry "BOL"]
[SourceTitle "CBM 154 Extra"]
[Source "ChessBase"]
[SourceDate "2013.06.25"]
[SourceVersion "2"]
[SourceVersionDate "2013.06.25"]
[SourceQuality "1"]

1. e4 c5 2. Nf3 e6 3. d4 cxd4 4. Nxd4 Nc6 5. Nc3 Nf6 6. Nxc6 bxc6 7. e5 Nd5 8. Nxd5 cxd5 9. Bd3 f5 10. g4 g6 11. gxf5 exf5 12. h4 Qb6 13. b3 Qd4 14. Rb1 Qxe5+ 15. Kf1 Bb7 16. Qf3 0-0-0 17. Bf4 Qc3 18. Qe2 Bb4 19. Ba6 Qc6 20. Bxb7+ Kxb7 21. Qf3 Rde8 22. a3 Bc3 23. Qd3 Re4 24. Bd2 d4 25. Rh3 Bxd2 26. Qxd2 Rhe8 27. Rd1 Qa6+ 28. Qd3 Qxd3+ 29. Rdxd3 Rf4 30. f3 h6 31. Kf2 g5 32. hxg5 hxg5 33. Kg3 Re3 34. Kf2 g4 35. Rg3 Re7 36. Rg1 Rh7 37. Kg3 Rxf3+ 38. Rxf3 Rh3+ 39. Kg2 Rxf3 40. Rd1 Rf4 41. Kg3 Rf3+ 42. Kg2 d3 43. cxd3 Kc6 44. Rc1+ Kd5 45. Rc7 Ke5 46. Rxa7 Rxd3 47. a4 Kf4 48. Rc7 Rd2+ 49. Kf1 Ra2 50. Rc4+ Kg3 51. Rc3+ Kh4 52. Rc4 Kg5 53. Rb4 f4 54. Rc4 f3 55. Rc5+ Kh4 56. Rc1 0-1

[Event "American Continental 09th"]
[Site "Cochabamba"]
[Date "2013.05.12"]
[Round "7"]
[White "Quiroga, Duberlin"]
[Black "Ruiz, Samuel"]
[Result "1-0"]
[WhiteElo "2078"]
[BlackElo "1710"]
[PlyCount "49"]
[EventDate "2013.05.07"]
[EventType "swiss"]
[EventRounds "11"]
[EventCountry "BOL"]
[SourceTitle "CBM 154 Extra"]
[Source "ChessBase"]
[SourceDate "2013.06.25"]
[SourceVersion "2"]
[SourceVersionDate "2013.06.25"]
[SourceQuality "1"]

1. c4 Nf6 2. Nc3 d6 3. Nf3 g6 4. g3 Bg7 5. Bg2 0-0 6. 0-0 c5 7. e3 Nc6 8. d4 Bg4 9. h3 Bf5 10. Nh4 Bd7 11. d5 Ne5 12. Qe2 g5 13. Nf3 Nxf3+ 14. Qxf3 h6 15. e4 Qc8 16. g4 a6 17. Rb1 b5 18. b3 b4 19. Ne2 Be8 20. Bb2 e6 21. Bxf6 Bxf6 22. Qxf6 a5 23. Ng3 Kh7 24. e5 exd5 25. Nf5 1-0